Transverse patterns in nonlinear optics : 24-27 September 1991, St. Petersburg, Russia /

Bibliographic Details
Corporate Authors: ICONO (Conference) Saint Petersburg, Russia), D.S. Rozhdestvensky All-Union Optical Society, Optical Society of America, Society of Photo-optical Instrumentation Engineers
Other Authors: Rosanov, Nikolay N., Mak, A. A. (Artur Afanasʹevich), Grasiuk, Arkadii Z.
Format: Conference Proceeding Book
Language:English
Published: Bellingham, Wash., USA : SPIE, [1992]
Series:Proceedings of SPIE--the International Society for Optical Engineering ; v. 1840.
Subjects:
Online Access:https://www.spiedigitallibrary.org/conference-proceedings-of-SPIE/1840.toc

MARC

Tag First Indicator Second Indicator Subfields
LEADER 00000cam a2200000 a 4500
001 in00001100521
005 20230426201144.5
008 930125s1992 wau 101 0 eng d
010 |a  92082920  
020 |a 0819410667 
035 |a (OCoLC)27317246 
035 |9 AFT3638AM 
040 |a CUS  |c CUS  |d TXA  |d UtOrBLW 
049 |a TXAM 
090 |a QC446.15  |b .I262 1991 
111 2 |a ICONO (Conference)  |n (14th :  |d 1991 :  |c Saint Petersburg, Russia) 
245 1 0 |a Transverse patterns in nonlinear optics :  |b 24-27 September 1991, St. Petersburg, Russia /  |c ICONO '91 ; Nikolay N. Rosanov, chair/editor ; Arthur A. Mak, Arkadii Z. Grasiuk, associate editors ; organized by D.S. Rozhdestvensky All-Union Optical Society [and others] ; with the participation of OSA--Optical Society of America [and] SPIE--the International Society for Optical Engineering (USA). 
264 1 |a Bellingham, Wash., USA :  |b SPIE,  |c [1992] 
264 4 |c ©1992 
300 |a x, 297 pages :  |b illustrations ;  |c 28 cm. 
336 |a text  |b txt  |2 rdacontent 
337 |a unmediated  |b n  |2 rdamedia 
338 |a volume  |b nc  |2 rdacarrier 
490 1 |a Proceedings / SPIE--the international society for optical engineering ;  |v v. 1840 
504 |a Includes bibliographical references and index. 
650 0 |a Nonlinear optics  |v Congresses. 
650 0 |a Lasers  |v Congresses. 
700 1 |a Rosanov, Nikolay N. 
700 1 |a Mak, A. A.  |q (Artur Afanasʹevich) 
700 1 |a Grasiuk, Arkadii Z. 
710 2 |a D.S. Rozhdestvensky All-Union Optical Society. 
710 2 |a Optical Society of America. 
710 2 |a Society of Photo-optical Instrumentation Engineers. 
830 0 |a Proceedings of SPIE--the International Society for Optical Engineering ;  |v v. 1840. 
856 4 1 |u https://www.spiedigitallibrary.org/conference-proceedings-of-SPIE/1840.toc  |t 0 
999 |a MARS 
999 f f |s 251716d9-302f-3ce4-b93c-bbbe0fd49285  |i dae076a5-46fa-3421-a3e0-b70b413ed463  |t 0 
952 f f |p ric  |a Texas A&M University  |b Rellis Campus  |c Joint Library Facility  |d Remote Storage  |t 0  |e QC446.15 .I262 1991  |h Library of Congress classification  |i unmediated -- volume  |m A14816648944 
998 f f |a QC446.15 .I262 1991  |t 0  |l Remote Storage